Statistics for Los Angeles Rams Trivia

Click here to take the quiz!

General Stats

  • This quiz has been taken 1,432 times
    (1,011 since last reset)
  • The average score is 13 of 17

Answer Stats

QuestionAnswer% Correct
Quarterback who the Rams acquired from the Lions in 2021Matthew Stafford
98%
NFL Defensive Player of the Year in 2017, 2018, and 2020Aaron Donald
93%
City that the Rams played in from 1995–2015St. Louis
93%
Quarterback who was sent to the Lions in exchangeJared Goff
92%
Head coach of the RamsSean McVay
92%
Receiver who was MVP of Super Bowl LVICooper Kupp
91%
The other NFL teams which have, at some point, played in Los AngelesChargers
87%
Quarterback of those teamsKurt Warner
86%
Nickname of the teams during the 1999–2001 seasonsThe Greatest Show
on {Turf}
85%
Rams running back who led the NFL in rushing touchdowns in 2017 and 2018Todd Gurley
83%
The other NFL teams which have, at some point, played in Los AngelesRaiders
77%
The Rams' home stadiumSoFi Stadium
77%
Player who set the NFL single-season rushing record in 1984Eric Dickerson
69%
Player whose 1,048 receiving yards in 1999 set an NFL record for running backsMarshall Faulk
60%
Nickname of Rams legend Elroy Hirsch{Crazy}legs
38%
Player with the most passing yards in Rams historyJim Everett
27%
First black player to play in the modern NFL (1946)Kenny Washington
9%

Score Distribution

Percentile by Number Answered

Percent of People with Each Score

Your Score History

You have not taken this quiz since the last reset